Entre Dios y el rey : (Registro nro. 14603)

Detalles MARC
000 -LIDER
fixed length control field 02448njm a2200373 c 4500
001 - NÚMERO DE CONTROL
Identificador de número de control
003 - IDENTIFICACDOR DE NÚMERO DE CONTROL
control field DO-SdBNP
005 - DATE AND TIME OF LATEST TRANSACTION
control field 20240319134703.0
008 - ELEMENTOS DE LONGITUD FIJA
fixed length control field 160127s2013 mx d spa
015 ## - NÚMERO DENTRO DE LA BIBLIOGRAFÍA NACIONAL
National bibliography number
017 ## - NÚMERO DE REGISTRO DE DERECHOS DE AUTOR
Copyright or legal deposit number
Assigning agency
020 ## - ISBN
International Standard Book Number 9786071616456
035 ## - NÚMERO LOCAL
System control number
040 ## - FUENTE DE CATALOGACIÓN
Agencia que crea de manera original el registro BPMSU
Idioma de catalogación spa
Agencia que realiza la transcripción BPMSU
Convenciones de la despripción
082 #4 - NÚMERO DE CLASIFICACIÓN DECIMAL DE DEWEY
Classification number 320.972
Item number L561e 2013
Edition number 22
084 ## - OTRO NÚMERO DE CLASIFICACIÓN
Classification number
Number source
100 1# - ASIENTO PRINCIPAL -- NOMBRE PERSONAL
Nombre personal Lempériére, Annick.
Fechas asociadas con el nombre
Término de relación
240 10 - TITULO UNIFORME
Título uniforme
Número de la parte o sección de una obra
Clave musical
245 10 - MENCIÓN DE TITULO
Título Entre Dios y el rey :
Subtítulo la república, la ciudad de México de los siglos XVI al XIX /
Mención de responsabilidad Annick Lempériére ; traducción Hernández Pérez Vertti
260 ## - PUBLICACIÓN, DISTRIBUCIÓN, ETC. (PIE DE IMPRENTA)
Lugar de publicación, distribución, etc México :
Nombre del editor, distribuidor, etc. Fondo de Cultura Econonómica,
Fecha de publicación, distribución, etc 2013
300 ## - DESCRIPCIÓN FÍSICA
Extensión 395 p. ;
Dimensiones 23 cm.
Otros detalles físicos
Material complementario
490 0# - MENCIÓN DE SERIES
Mención de serie Sección de obras de historia
500 ## - NOTA GENERAL
Nota general Incluye bibliografías e índice.
504 ## - NOTA DE BIBLIOGRAFÍA, ETC.
Bibliography, etc
520 ## - RESUMEN, ETC.
Nota de resumen, etc. México ejerció un atractivo singular, hecho de fascinación y terror, sobre varios escritores anglosajones notables del siglo XX. Pero sólo en Malcolm Lowry la mezcla de la vida y la obra alcanza abismos en verdad infernales, volcánicos, como hay tantos en la geografía mexicana. Los devotos lectores de Bajo el volcán (1947) -sin exageración, una de las cumbres literarias del siglo XX- supieron siempre que aquella novela magistral escondía claves personales que pedían una biografía definitiva que las revelara. Nadie mejor que Gordon Bowker para escribirla. Biógrafo de Orwell y Durrell y compilador editorial de Lowry, Bowker explora con detalle acucioso, a partir de fuentes y testimonios hasta ahora desconocidos, y con una sensibilidad a un tiempo cuidadosa y descarnada, el laberinto existencial de Lowry: el insensato suicidio al que orilló a un amigo de la juventud y la estela de culpa; el alcoholismo agresivo; sus dos matrimonios; la pérdida de sus manuscritos; el incendio de su casa; su tránsito por ciudades, prisiones, cantinas y sanatorios; su torturada relación con médicos, editores, familiares, doctores; su misteriosa muerte.
534 ## - NOTA SOBRE LA VERSIÓN ORIGINAL
Frase introductoria Título original :
Mención del título original Entre Dieu et le roi, la République : Mexico, XVIe-XIXe siècles
590 ## - NOTA LOCAL
Texto de la nota local Inventariado, 2024/VM
650 #4 - ENCABEZAMIENTO DE MATERIA--TEMÁTICO
Término temático o nombre geográfico como elemento de entrada Política
Subdivisión temática general Historia
Subdivisión cronológica Siglos XVI-XIX
Subdivisión geográfica México
651 #4 - ENCABEZAMIENTO DE MATERIA--NOMBRE GEOGRÁFICO
Nombre geográfico México
Subdivisión temática general Política y gobierno
Subdivisión cronológica Siglos XVI-XIX
700 1# - ASIENTO SECUNDARIO -- NOMBRE PERSONAL
Nombre personal Hernández Vertti, Ivette
Mención de responsabilidad tr.
Fechas asociadas con el nombre
Título de una obra
Medio de ejecución para música
Número de la parte o sección de una obra
Clave musical
710 2# - ASIENTO SECUNDARIO -- NOMBRE CORPORATIVO
Nombre corporativo o de jurisdicción Fondo de Cultura Económica (México)
910 ## - VALIDACIÓN
Validación VMateo V. Control de calidad. BPMSU
942 ## - ADDED ENTRY ELEMENTS (KOHA)
Source of classification or shelving scheme Dewey Decimal Classification
Koha item type Libros
Existencias
Withdrawn status Lost status Source of classification or shelving scheme Damaged status Not for loan Collection code Home library Current library Date acquired Source of acquisition Total Checkouts Full call number Barcode Date last seen Price effective from Koha item type Copy number
    Dewey Decimal Classification     Colección General Biblioteca Pública Metropolitana Salomé Ureña Biblioteca Pública Metropolitana Salomé Ureña 03/19/2024 Fondo de Cultura Económica   BPMSU CG 320.972 L561e 2013 BPMSU24030063 03/19/2024 03/19/2024 Libros  
    Dewey Decimal Classification     Colección General Biblioteca Pública Metropolitana Salomé Ureña Biblioteca Pública Metropolitana Salomé Ureña 03/19/2024 Fondo de Cultura Económica   BPMSU CG 320.972 L561e 2013 BPMSU24030064 03/19/2024 03/19/2024 Libros e.2